000 01729nam a22004457a 4500
001 000095302
003 CHAP
005 20220329143104.0
008 060224d2005 mx b d r 00110 spa d
010 _a91768
011 _a92740
035 _a103305
040 _cCHAP
090 _aTesis
100 1 _aRamírez Acevedo, Alma.
_993839
245 1 0 _aAsesoría y capacitación participativa en la producción agrícola del ejido Acultzingo, Veracruz /
_c/por Alma Ramírez Acevedo y Luis Martínez Montiel.
260 _aChapingo, Méx. :
_bEl autor,
_c2005.
300 _a77 h. :
_bgráfs. ; mapas ; cuadros ; anexo.
502 _aTesis (Ing. Agr. Esp. en Fitotecnia e Ing. en Agroecología) -- UACH. Departamento de Fitotecnia y Departamento de Agroecología
590 _aALEPH
_b10
_c20130110
_lUCH01
_h1509
590 _aBATCH-UPD
_b10
_c20130110
_lUCH01
_h0457
590 _aBATCH-UPD
_b10
_c20130410
_lUCH01
_h0134
590 _aBATCH-UPD
_b10
_c20130914
_lUCH01
_h0419
590 _aBATCH-UPD
_b10
_c20140324
_lUCH01
_h1454
590 _aBATCH-UPD
_b10
_c20141002
_lUCH01
_h0828
590 _aCONVERSION
_b10
_c20130109
_lUCH01
_h1351
590 _aE12093SGE
_b10
_c20130607
_lUCH01
_h1354
650 1 4 _aAsesoría.
_97894
650 1 4 _aCapacitación.
_918690
650 1 4 _aCultivos
_xRendimiento.
_930318
650 1 4 _aEjido Acultzingo, Ver.
_935840
700 1 _aMartínez Montiel, Luis.
_972299
856 _3Finding aid
_uhttp://10.13.5.2/tesis/103305.pdf
_zTeclea aquí
901 _aBK
905 _aMarco A. Mendoza T.
942 _cCD
942 _n0
949 _aTesis
_bBC
_cTES
_d00000001033051
_eTS1
_gDonaciØn
_h44734
_i103305
_sb
949 _aTesis
_bBC
_cTES
_d33724000979951
_eTS2
_fc.2
_gDonaciØn
_h44735
_i103305
_sb
999 _c91768
_d91768